000 00766nam a22002417a 4500
003 UA-OsUOA
001 49032
007 ta
008 20131030b un ||||| |||| 00| 0 ukr d
100 _aПалієнко М.
090 _a901/070(091)
_bП14
942 _cBK
040 _aUA-OsUOA
_bukr
_cUA-OsUOA
_dUA-OsUOA
245 _a"Кіевская старина" (1882-1906): Хронологічний покажчик змісту
300 _a480 с.
955 _a1
041 _aukr
080 _a901/070(091)
260 _aК.
_bТемпора
_c2005
650 7 _a9 Географія. Біографії. Історія
_2UDC
999 _c429157
_d429157